000 00980nam a2200253 i 4500
001 bg
245 1 0 _aApplications of computer systems ACS '97 :
_bproceedings of the Fourth International Conference, Szczecin - Poland, November 13-14, 1997 /
_ced. Jerzy Sołdek ; TEchnical University of Szczecin - Institute of Computer Science & Information Systems [et al.].
260 _aSzczecin :
_bWydaw. Uczelniane PS,
_c1997.
300 _a242 s. :
_bil. ;
_c24 cm.
500 _aStreszcz. przy ref.
504 _aBibliogr. przy ref.
650 9 _aSystemy informatyczne
_xstosowanie
655 _aMateriały konferencyjne
700 1 _aSOŁDEK, Jerzy.
_eRed.
710 _aPolitechnika Szczecińska
710 _aTechnical University of Szczecin
_bInstitute of Computer Science and Information Systems
020 _a8387362018
040 _cBPK
041 0 _aeng
080 _a004(061)
920 _a83-87362-01-8
942 _cKS
008 s pl f |000 0 pol
999 _c44592
_d44592